Statistiques concernant Frontières de l'Arabie Saoudite

Cliquez ici pour prendre le quiz!

Statistiques générales

  • Ce quiz a été pris 42 fois
  • Le résultat moyen est 7 sur 7

Statistiques - réponses

KilomètresPays% Correct
1 458Yémen
100%
814Irak
97%
676Oman
97%
222Koweït
97%
744Jordanie
95%
60Qatar
92%
457Émirats Arabes Unis
89%

Distribution des résultats

Percentile par nombre de réponses

% des personnes avec chaque résultat

Votre développement - résultats

Vous n’avez pas pris ce quiz